|
|
|
|
| LEADER |
01195nam a22002891 4500 |
| 001 |
40119 |
| 003 |
BD-DhAAL |
| 008 |
221124t1968 enk b 001 0 eng d |
| 999 |
|
|
|c 45086
|d 45086
|
| 010 |
|
|
|a 60051265
|
| 040 |
|
|
|a DLC
|c CtY
|d DLC
|d BD-DhAAL
|
| 043 |
|
|
|a e-uk-en
|
| 050 |
0 |
0 |
|a HN385
|b .S5 1960a
|
| 082 |
0 |
0 |
|a 942.08
|
| 100 |
1 |
|
|a Semmel, Bernard.
|9 52553
|
| 245 |
1 |
0 |
|a Imperialism and social reform :
|b English social-imperial thought, 1895-1914 /
|c Bernard Semmel.
|
| 260 |
|
|
|a New York :
|b Anchor Books,
|c 1968.
|
| 300 |
|
|
|a vi, 272 pages ;
|c 23 cm.
|
| 504 |
|
|
|a Includes bibliographical references (pages [255]-267) and index.
|
| 541 |
|
|
|a Donated By Akbar Ali Khan
|e 40119
|
| 650 |
|
0 |
|a Nationalism
|z Great Britain.
|9 52554
|
| 650 |
|
0 |
|a Imperialism
|x Social aspects
|z Great Britain.
|9 52555
|
| 651 |
|
0 |
|a Great Britain
|x Social policy.
|9 52556
|
| 651 |
|
0 |
|a Great Britain
|x Foreign relations
|y 20th century.
|9 52557
|
| 852 |
|
|
|a Ayesha Abed Library
|c Akbar Ali Khan Collection
|
| 942 |
|
|
|2 ddc
|c BK
|
| 952 |
|
|
|0 0
|1 0
|2 ddc
|4 0
|6 942_080000000000000_SEM
|7 1
|9 72399
|a BRACUL
|b BRACUL
|c CS1
|d 2022-11-24
|e Donated by Akbar Ali Khan
|g 126.25
|l 0
|o 942.08 SEM
|p 3010040119
|r 2022-11-24
|t 1
|w 2022-11-24
|y BK
|x USD 1.25
|